02493 2200601 4500001002100000005001500021035002000036007000300056008004100059020002200100082000800122084001600130100002000146245005700166250001000223260003100233300003300264700001700297700002100314520073500335600001501070990002601085990002601111990002601137990002601163990002601189990002601215990002601241990002601267990002601293990002601319990002601345990002601371990002601397990002601423990002601449990002601475990002601501990002601527990002601553990002601579990002601605990002601631990002601657990002601683990002601709990002601735990002601761990002601787990002601813990002601839990002601865INLIS00000000000042820260429111256 a0010-0426000002ta260429 c 0 ind  a978-623-522-044-4 a530 a530 LAS g-10 aLasmi, Ni Ketut1 aGemilang OSN IPA Fisika :bSMP/MTs /cNi Ketut Lasmi aEd. 1 aJakarta :bErlangga,c2023 avi, 330 :bill ;c18 x 25 cm0 aW. Srigutami0 aN. Resminingpuri aOlimpiade Sains Nasional (OSN) adalah sebuah ajang kompetisi bergengsi untuk peserta didik yang berprestasi di berbagai bidang sains. OSN bertujuan untuk menumbuhkan minat dan bakat peserta didik dalam bidang sains sejak dini, meningkatkan keterampilan berpikir kritis. kreatif, dan analitis, serta memperluas wawasan dan pengetahuan mereka. Selain itu, OSN berfungsi sebagai kompetisi yang dapat memotivasi peserta didik untuk terus belajar dan berprestasi lebih tinggi. Dalam upaya mendukung tujuan tersebut, buku Gemilang OSN IPA Fisika hadir menemani peserta didik dalam belajar. Buku ini memberikan panduan dalam tiap lingkup materi yang disusun berdasarkan Pedoman Olimpiade Sains Nasional Jenjang SMP/MTs Bidang IPA Fisika. 4aIPA-Fisika a11902/P.SMP1.B/B/2026 a11903/P.SMP1.B/B/2026 a11904/P.SMP1.B/B/2026 a11905/P.SMP1.B/B/2026 a11906/P.SMP1.B/B/2026 a11907/P.SMP1.B/B/2026 a11908/P.SMP1.B/B/2026 a11909/P.SMP1.B/B/2026 a11910/P.SMP1.B/B/2026 a11911/P.SMP1.B/B/2026 a11912/P.SMP1.B/B/2026 a11913/P.SMP1.B/B/2026 a11914/P.SMP1.B/B/2026 a11915/P.SMP1.B/B/2026 a11916/P.SMP1.B/B/2026 a11917/P.SMP1.B/B/2026 a11918/P.SMP1.B/B/2026 a11919/P.SMP1.B/B/2026 a11920/P.SMP1.B/B/2026 a11921/P.SMP1.B/B/2026 a11922/P.SMP1.B/B/2026 a11923/P.SMP1.B/B/2026 a11924/P.SMP1.B/B/2026 a11925/P.SMP1.B/B/2026 a11926/P.SMP1.B/B/2026 a11927/P.SMP1.B/B/2026 a11928/P.SMP1.B/B/2026 a11929/P.SMP1.B/B/2026 a11930/P.SMP1.B/B/2026 a11931/P.SMP1.B/B/2026 a11932/P.SMP1.B/B/2026